000 00549nam a2200193Ia 4500
005 20250508164857.0
008 008 250505s9999 xx 000 0 eng d
037 _aDissertations
040 _aFEDL
_beng
_cFEDL
041 _aeng
_2eng
084 _a370.7, SHI/DI
_qFEDL
100 _aShivapriya N
_9779406
245 0 _aDrama in teacher education : An evolving perspective
260 _c2004
300 _a67p.
546 _aM.Ed. Dissertation (Delhi University)
942 _cDIS
_h370.7, SHI/DI
999 _c1391748
_d1391748